Students Guide to Income Tax Including GST 65th ed. (Record no. 18655)

MARC details
000 -LEADER
fixed length control field 00459nam a2200169Ia 4500
008 - FIXED-LENGTH DATA ELEMENTS--GENERAL INFORMATION
fixed length control field 221030s9999 xx 000 0 und d
020 ## - INTERNATIONAL STANDARD BOOK NUMBER
ISBN 9788195371419
041 ## - LANGUAGE CODE
Language code of text/sound track or separate title
100 ## - MAIN ENTRY--AUTHOR NAME
Personal name V. K. Singhania
245 #0 - TITLE STATEMENT
Title Students Guide to Income Tax Including GST 65th ed.
Statement of responsibility, etc by V. K. Singhania, M. Singhania
250 ## - EDITION STATEMENT
Edition statement 65th
260 ## - PUBLICATION, DISTRIBUTION, ETC. (IMPRINT)
Name of publisher Taxmann Pub.
Place of publication New Delhi
Year of publication 2021
300 ## - PHYSICAL DESCRIPTION
Number of Pages 1045
650 ## - SUBJECT ADDED ENTRY--TOPICAL TERM
Topical Term Management
700 ## - ADDED ENTRY--PERSONAL NAME
Personal name M. Singhania
942 ## - ADDED ENTRY ELEMENTS (KOHA)
Koha item type Books
Holdings
Accession Number Cost, normal purchase price Bill Date Source of acquisition Price effective from Koha item type Withdrawn / writtenoff status Materials specified (bound volume or other part) Damaged status Not for loan Permanent Location Current Location Shelving location Date acquired Lost/ Missing status department
B.COM 178 1495.00 48 RKB 10/30/2022 Books   Print   Not For Loan MIET Library, Jammu MIET Library, Jammu 192/1 09/06/2021   B.COM
B.COM 179 1495.00 48 RKB 10/30/2022 Books   Print     MIET Library, Jammu MIET Library, Jammu 191/1 09/06/2021   B.COM
B.COM 180 1495.00 48 RKB 10/30/2022 Books   Print     MIET Library, Jammu MIET Library, Jammu 191/1 09/06/2021   B.COM